The Orion Center bibliography of the Dead Sea scrolls (1995-2000) /

The Orion Center Bibliography of the Dead Sea Scrolls (1995-2000) is the fourth official Scrolls bibliography, following bibliographies covering the periods 1948-1957 (W. S. LaSor), 1958-1969 (B. Jongeling), and 1970-1995 (F. García Martínez and D. W. Parry). The current interest in the Scrolls, wit...

وصف كامل

محفوظ في:

المؤلف الرئيسي: Pinnick, Avital.

مؤلف مشترك: Orion Center for the Study of the Dead Sea Scrolls and Associated Literature.

التنسيق: كتاب الكتروني

اللغة: English

منشور في: Leiden ; Boston : Brill, 2001.

سلاسل: Studies on the Texts of the Desert of Judah 41.
Studies on the Texts of the Desert of Judah Online, ISBN: 9789004378346.

الموضوعات:

الوصول للمادة أونلاين: Login to view Source

الوسوم: إضافة وسم

لا توجد وسوم, كن أول من يضع وسما على هذه التسجيلة!

رقم الطلب: Z6371.D4 BM487 P56 2001

LEADER 03043cam a2200529Ii 4500
001 BRILL9789004350380
003 nllekb
005 20210602101435.0
006 m d
007 cr un uuuua
008 011211s2001 ne sb 001 0 eng d
010 |a  2001277903 
020 |a 9789004350380  |q (electronic book) 
020 |z 9789004123663  |q (print) 
024 7 |a 10.1163/9789004350380  |2 DOI 
035 |a (OCoLC)48271397 
040 |a NL-LeKB  |c NL-LeKB  |e rda 
050 4 |a Z6371.D4  |a BM487  |b P56 2001 
072 7 |a BM  |2 lcco 
072 7 |a HRCG  |2 bicssc 
072 7 |a REL006400  |2 bisacsh 
082 0 4 |a 016.2961/55  |2 21 
100 1 |a Pinnick, Avital. 
245 1 4 |a The Orion Center bibliography of the Dead Sea scrolls (1995-2000) /  |c by Avital Pinnick. 
264 1 |a Leiden ;  |a Boston :  |b Brill,  |c 2001. 
300 |a 1 online resource (228 pages) 
336 |a text  |b txt  |2 rdacontent 
337 |a computer  |b c  |2 rdamedia 
338 |a online resource  |2 rdacarrier 
490 1 |a Studies on the texts of the desert of Judah,  |x 0169-9962 ;  |v v. 41 
500 |a Includes indexes. 
504 |a Includes indexes. 
505 0 0 |a Preliminary Material -- PREFACE -- ABBREVIATIONS -- Bibliography -- INDEX OF TEXTS -- INDEX OF SUBJECTS -- STUDIES ON THE TEXTS OF THE DESERT OF JUDAH. 
506 |a Available to subscribing member institutions only. 
520 |a The Orion Center Bibliography of the Dead Sea Scrolls (1995-2000) is the fourth official Scrolls bibliography, following bibliographies covering the periods 1948-1957 (W. S. LaSor), 1958-1969 (B. Jongeling), and 1970-1995 (F. García Martínez and D. W. Parry). The current interest in the Scrolls, with at least two journals dedicated to these texts, has led to a proliferation of secondary literature, theses, and electronic publications. The Orion Center Bibliography contains over 3000 entries, including approximately 600 reviews, gathered from the École Biblique et Archéologique Française in Jerusalem, from on-line databases, and from the authors themselves. This work is based on the bibliography compiled by the Orion Center for the Study of the Dead Sea Scrolls, Jerusalem, and includes reviews, journal articles, and electronic publications, a text index and a subject index. 
630 0 0 |a Dead Sea scrolls  |v Bibliography. 
630 0 7 |a Dead Sea scrolls.  |2 fast 
655 7 |a Bibliographies.  |2 fast 
655 7 |a Bibliography.  |2 fast 
710 2 |a Orion Center for the Study of the Dead Sea Scrolls and Associated Literature. 
776 0 8 |i Online version:  |a Pinnick, Avital.  |t Orion Center bibliography of the Dead Sea scrolls (1995-2000).  |d Leiden ; Boston : Brill, 2001  |w (OCoLC)604505226 
830 0 |a Studies on the Texts of the Desert of Judah  |v 41. 
830 0 |a Studies on the Texts of the Desert of Judah Online, ISBN: 9789004378346. 
856 4 |z DOI:   |u http://dx.doi.org/10.1163/9789004350380 
942 |c EBOOK 
952 |0 0  |1 0  |4 0  |7 1  |9 14379  |a BRILL  |b BRILL  |d 2021-06-02  |l 0  |r 2021-06-02 00:00:00  |w 2021-06-02  |y EBOOK 
999 |c 35829  |d 35829